000 01664nam0a2200337 i 4500
001 RU\NLR\BIBL_A\010191905
005 20240921120446.0
010 _a9785880068012
_9150
021 _aRU
_b2013-101855
_97073
035 _a(NILC)RuMoRGB-006714279
035 _a(NLR Aleph) 010191905
090 _a10201690
_c10201690
100 _a20140217d2013 u y0rusy50 ca
101 0 _arus
102 _aRU
105 _ay|||j|||000yy
200 1 _aДошкольное воспитание в Рязанском крае: история и современность
_eучебное пособие
_fМ. Н. Дементьева, Е. В. Савушкина
_gМ-во образования и науки Российской Федерации, Федеральное гос. бюджетное образовательное учреждение высш. проф. образования "Рязанский гос. ун-т им. С. А. Есенина"
210 _aРязань
_cРязанский гос. ун-т
_d2013
215 _a71 с.
_cтабл.
_d20
320 _aБиблиогр.: с. 70
606 1 _aДошкольное образование
_jУчебные издания
_yРязанская область
_92203224
_3RU\NLR\AUTH\6601558502
675 _a373.2(470.313)(091)(075.8)
686 1 _aЧ414(2Р-4Ря)я7
700 1 _aДементьева
_bМ. Н.
_gМаргарита Николаевна
701 1 _aСавушкина
_bЕ. В.
_gЕлена Васильевна
801 0 _aRU
_bRuMoRKP
_c20131219
_gRCR
801 2 _aRU
_bРГБ
_c20140114
_grcr
942 _cBOOK
980 _aNBR